000 00615nam a22001697a 4500
999 _c14933
_d14933
008 200131b ||||| |||| 00| 0 eng d
020 _a978-971-9654-95-7
082 _22018
_aDFil 495.6
_bOc19
100 _aOcdenaria, Jose Marie Elmido
_941473
245 _aNihongo module/
_cJose Marie Elmido Ocdenaria and Shiela Pilapil-Biscocho
260 _aManila:
_bUnlimited Books Library Seervices & Publishing Inc.,
_c©2018.
300 _ax, 122 pages:
_billustrations;
_c23 cm.
500 _aIncludes references
650 _aJapanese language
_941732
700 _aPilapil-Biscocho, Shiela
_941474
942 _2ddc
_cDFIL